000 00830nam a22002537a 4500
001 BR7702718
003 BR-BrBNA
005 20230928085258.0
007 ta
008 230509b bl.||||| |||| 00| 0 por d
040 _aBR-BrBNA
_bpor
_cBiblioteca Nacional de Agricultura
041 _a(Por)
072 _aA50; A00
_b/G514
090 _ A50 BR7702718
110 1 _aEmpresa Brasileira de Assistencia Tecnica e Extensao Rural;
_93794
110 1 _aBrasilia, DF;
110 1 _aSistema Nacional de Informacao Rural, Brasilia, DF (Brasil)
_99577
245 1 _aGuia brasileiro de pesquisa agricola em andamento v. 2. Programas/Projetos
_bProjeto BRACARIS - DOC/TEC/77/019
260 3 _aBrasilia, DF (Brasil):
_c1977.
300 _a455 p.
650 _aPESQUISA AGRICOLA
909 _a202309
_bLucia
_c55
_dLucia Elande
942 _cBK
999 _c23637
_d23637